MARC

LEADER 00000nam0a2200000 4500
001 264883
005 20231101233854.0
010 |a 5724500043 
035 |a (RuTPU)RU\TPU\book\287881 
090 |a 264883 
100 |a 20140623d1988 m y0rusy50 ca 
101 0 |a rus 
102 |a RU 
105 |a a j 001zy 
200 1 |a Радиационная химия полимеров  |e учебное пособие для вузов  |f В. С. Иванов 
210 |a Ленинград  |c Химия  |d 1988 
215 |a 320 с.  |c ил. 
225 1 |a Для высшей школы 
320 |a Библиогр.: с. 310-312. 
320 |a Предметный указатель: с. 313-320. 
320 |a Основные обозначения: с. 5-6. 
606 1 |a Полимеры  |x Физико-химические свойства  |2 stltpush  |3 (RuTPU)RU\TPU\subj\50317  |9 69020 
610 1 |a радиационная химия 
610 1 |a радиационная полимеризация 
610 1 |a радиационно-химические превращения 
610 1 |a полимерные материалы 
610 1 |a радиационная стойкость 
610 1 |a радиационно-химические процессы 
610 1 |a учебные пособия 
675 |a 678.01:54(075.8)  |v 3 
700 1 |a Иванов  |b В. С.  |g Вячеслав Сергеевич 
801 1 |a RU  |b 63413507  |c 20140623 
801 2 |a RU  |b 63413507  |c 20160425  |g RCR 
942 |c BK